[Event "RUS-Cup final"]
[Site "Samara"]
[Date "1998.09.01"]
[Round "4"]
[White "Filippov, Valerij"]
[Black "Morozevich, Alexander"]
[Result "1-0"]
[WhiteElo "2595"]
[BlackElo "2625"]
[Annotator "Hecht,H"]
[PlyCount "115"]
[EventDate "1998.08.??"]
[EventType "tourn"]
[EventRounds "11"]
[EventCountry "RUS"]
[SourceTitle "CBM 067"]
[Source "ChessBase"]
[SourceDate "1998.11.30"]
[SourceVersion "2"]
[SourceVersionDate "1998.11.01"]
[SourceQuality "1"]

1. Nf3 Nf6 2. c4 g6 3. d4 Bg7 4. g3 O-O 5. Bg2 d6 6. Nc3 Nc6 7. O-O a6 8. Re1
Rb8 9. Rb1 Na5 10. Qa4 b6 11. c5 Qe8 12. Qc2 bxc5 13. dxc5 Nc6 14. Bg5 Bf5 15.
e4 Nxe4 16. Nxe4 d5 17. Nfd2 Nb4 18. Qd1 dxe4 19. Bxe4 Bxe4 20. Nxe4 f5 21. Nc3
e5 22. Nd5 Nxd5 23. Qxd5+ Qf7 24. Qxf7+ Kxf7 25. b3 h6 26. Bd2 Rb5 27. a4 Rbb8
28. c6 Rfd8 29. Ba5 Rd5 30. b4 e4 31. Red1 Ke6 32. Rxd5 Kxd5 33. Bxc7 Rc8 34.
Bf4 g5 35. Be3 Kxc6 36. b5+ axb5 37. axb5+ Kb7 38. Rd1 {[#] Gefährlicher
b-Freibauer und anfällige schwarze Königsflügelbauern ohne Königsdeckung.
Erstaunlicherweise gewinnt Weiß ohne die Hilfe seines kurzzeitig selbst
bedrohten Königs.} Rc7 39. Rd6 Rf7 40. Ra6 Kb8 41. Re6 Bf8 42. h3 Kb7 43. g4 f4
(43... fxg4 44. hxg4 Re7 45. Rxe7+ Bxe7 46. Kg2 Bd8 47. f3 exf3+ 48. Kxf3 Bb6
49. Bxb6 Kxb6 50. Ke4 Kxb5 51. Kf5 Kc6 52. Kg6 Kd6 53. Kxh6 Ke6 54. Kxg5 Kf7
55. Kh6 $18) 44. Bd4 Rc7 (44... Re7 $5) 45. Rxe4 Rc4 46. Re8 Bd6 (46... Rxd4
47. Rxf8 Rd6 48. Kg2 Kb6 49. Rf5 $18 {[%cal Rh3h4]}) 47. Bg7 f3 48. Re1 h5 $6 (
48... Rb4 $5 49. Bxh6 (49. Be5 $5 Bc5) 49... Rxb5 50. Bg7 Kc6 51. Bf6 (51. Bd4
{[%cal Yd4e3]}) 51... Kd5 52. h4 Rb4 53. Bxg5 Rxg4+ 54. Kh1 (54. Kf1 Bh2 55.
Rd1+ Ke4 56. Ke1 Rg1+ 57. Kd2 Rxd1+ 58. Kxd1 Kf5 59. Kd2 Kg4 60. Ke3 Bg1 $11))
49. gxh5 Rh4 50. Re6 Bc5 $2 {Wir gehen jetzt etwas wildern und unternehmen
einen kleinen Exkurs in Sachen Turmendspiel.} (50... Bf4 $142 51. Be5 Rxh5 52.
Bxf4 gxf4 53. Rf6 Rxh3 (53... Rh4 54. Kh2 Kc7 55. Rc6+ Kb7 56. Rc3 Kb6 57. Rb3
Rh5 58. Rxf3 Kxb5 59. Rxf4 Kc5 60. Re4 Kd5 61. f3 $18) 54. Rxf4 Kb6 55. Rf5 (
55. Rb4 Rh8 56. Rb1 Rh7 57. Rb3 Rh3 $11) 55... Ka5 56. Rg5 Kb6 57. Rg3 Rh8 58.
Rxf3 Kxb5 59. Rc3 Kb4 {nebst Tf8. Urteil? ENDSPIEL-CD befragen! Deren Antwort
lautet: Gewinn in 33 Zügen, beginnend mit Tc1.} 60. Rc1 Rg8+ 61. Kh2 Rh8+ 62.
Kg3 Rg8+ 63. Kf4 Rf8+ 64. Ke3 Re8+ 65. Kd4 Rd8+ 66. Ke5 Re8+ 67. Kd6 Rf8 68.
Rf1 Rf3 69. Kd5 $1 Kb5 70. Ke4 Rf8 71. f4 Kc6 72. Rd1 $1 Re8+ 73. Kf5 Rf8+ 74.
Kg5 Rg8+ 75. Kh6 Rf8 76. Rf1 Kd7 77. Kg6 {und Gewinn in 13 Zügen} (77. Kg7 {
geht auch})) 51. Re5 Kb6 52. Rxg5 Rxh3 53. Be5 Kb7 54. Bf4 Bd4 55. Be3 Bf6 56.
Rf5 Bd8 57. Rf7+ Kc8 58. b6 1-0

[Event "FIDE-Wch k.o."]
[Site "Groningen"]
[Date "1997.12.12"]
[Round "2.2"]
[White "Salov, Valery"]
[Black "Tkachiev, Vladislav"]
[Result "1/2-1/2"]
[WhiteElo "2680"]
[BlackElo "2615"]
[Annotator "Huzman,A"]
[PlyCount "90"]
[EventDate "1997.12.09"]
[EventType "k.o."]
[EventRounds "7"]
[EventCountry "NED"]
[SourceTitle "CBM 063"]
[Source "ChessBase"]
[SourceDate "1998.03.26"]
[SourceVersion "1"]
[SourceVersionDate "1998.03.26"]
[SourceQuality "1"]

1. d4 Nf6 2. c4 g6 3. Nf3 Bg7 4. g3 O-O 5. Bg2 d6 6. O-O Nc6 7. Nc3 a6 8. Re1
Rb8 (8... Na5 9. Qd3 c5 10. b3 Nd7 11. Rb1 Rb8 12. Bb2 Nc6 13. dxc5 Nxc5 14.
Qd2 b5 15. cxb5 axb5 16. e3 b4 17. Nd5 Bxb2 18. Rxb2 Ba6 19. Rd1 Qd7 20. Nd4
Nxd4 21. exd4 $36 {Gehrig,P-Heuer,B/Zuerich op2/1990/}) 9. Rb1 (9. a3 Na5 10.
Qd3 (10. Nd2 c5 11. dxc5 dxc5 12. Rb1 Bf5 13. e4 Be6 14. Nd5 Ng4 15. Nb3 Nxb3
16. Qxb3 Bd4 $17 {1/2-1/2 Astengo,C-Kraft,V/Geneva op 1996 (24)}) 10... Nb3 11.
Rb1 Nxc1 12. Rbxc1 c6 $15 {0-1 Schlais,H-Schroeder,J/OLWuert 1991 (38)}) (9. a4
Na5 10. Qd3 c5 11. dxc5 Nb3 12. Rb1 Nxc5 13. Qc2 Be6 $15 {Mejia,R-Zapata,A/
COL-ch 1988/1/2-1/2 (57)}) 9... Na5 (9... b5 10. cxb5 axb5 11. b4 (11. e4 b4
12. Nd5 Bg4 13. Nxf6+ Bxf6 14. Be3 e5 $132 {1/2-1/2 Krajcsovits,M-Mokry,K/
Elekes mem-B 1981 (18)}) 11... Bf5 (11... Bd7 12. e4 e5 13. dxe5 Nxe5 14. Nxe5
dxe5 15. Qc2 $14 {[%csl Rc5] Buturin,V-Voloshin,L/Frydek Mistek op 1996/1-0 
(52)}) (11... Nd7 12. e4 Na7 13. Qb3 Nb6 14. a4 bxa4 15. Nxa4 Nxa4 16. Qxa4 Nb5
17. Bb2 Bg4 18. Red1 Qd7 $11 {Gatej,D-Srebrnic,V/Nova Gorica 1996/0-1 (48)}) (
11... e6 12. e4 Ne7 13. Nd2 $1 c5 (13... Nd7 14. Nb3 c6 15. Bg5 h6 16. Bxe7
Qxe7 17. Na5 Bb7 18. e5 d5 19. a4 $16 {Nogueiras,J-Levtchouk,G/Quebec op 1997/
1-0 (59)}) 14. bxc5 dxc5 15. dxc5 Nd7 16. Nxb5 Nxc5 17. Nc4 Nd3 18. Re2 Ba6 19.
a4 Nxc1 20. Qxc1 $16 {/\Qf3,Rf1-> 1-0 Karpov,A-Shirov,A/Dos Hermanas 1997 (31)}
) (11... e5 12. dxe5 dxe5 13. Be3 Bf5 14. Rc1 Qxd1 15. Rexd1 Rfd8 16. Rxd8+
Rxd8 17. a3 Bd7 {Goetz,A-Held,M/BAY-chT2N/1994/} 18. Nxb5 $16) 12. e4 Bg4 13.
h3 Bxf3 14. Bxf3 e5 15. d5 Nd4 16. Be3 Nd7 17. Bg2 Qf6 18. Rc1 Rb7 19. h4 h6
20. f4 $16 {1-0 Ivanchuk,V-Shirov,A/Monaco rapid 1995 (49)}) (9... Bf5 10. e4
Bg4 11. Be3 Nd7 12. Ne2 e5 13. d5 Ne7 14. Qd2 Bxf3 15. Bxf3 f5 16. Bg2 Nf6 17.
Bg5 Qd7 18. Nc3 $14 {Karpov,A-Shirov,A/Monaco rapid/1997/ (30)}) (9... e5 10.
dxe5 dxe5 11. Bg5 Be6 12. Qa4 h6 13. Red1 Bd7 14. Bxf6 Bxf6 15. Bh3 $16 {
Thorstensen,T-Elsness,F/Namses op 1995/1-0 (68)}) 10. b3 (10. Qa4 c5 11. dxc5
Bd7 12. Qc2 dxc5 13. Bf4 Rc8 14. Ne5 Be6 15. Rbd1 Qe8 16. Nd5 $16 {Karpov,
A-Smirin,I/EU-ch act Cap d`Agde/1996/ (22)}) 10... b5 11. cxb5 axb5 {[%cal
Yb5b4]} 12. b4 (12. a3 $5 {[%cal Ge2e4]} c6 (12... c5 13. dxc5 dxc5 14. Bf4 $14
) (12... b4 13. axb4 Rxb4 14. e4 c6 15. e5 $36) 13. e4 Bg4 $11) 12... Nc4 13.
a4 bxa4 14. Qxa4 Nd7 $1 $132 15. b5 (15. e4 Ndb6 16. Qc2 e5 (16... c6 $5) 17.
Bg5 Qd7 $132) 15... Ndb6 16. Qc2 Bd7 {[%cal Yc7c6]} 17. Rb4 (17. e4 c6 18. bxc6
Bxc6 $11) 17... c5 18. bxc6 (18. dxc5 dxc5 19. Rb1 Nd6 20. Bf4 Nbc4 $15 {
[%csl Rb5]}) 18... Bxc6 19. Qd3 d5 $11 20. Bf4 Rc8 (20... Ra8 21. Reb1 e6 22.
Ne5 $14) 21. h4 h5 22. Ne5 (22. Reb1 e6 $11) 22... Nxe5 23. Bxe5 (23. dxe5 $5
Nc4 (23... e6 24. e4 $1 Qc7 25. Qd4 $16) 24. Bxd5 (24. Nxd5 Nxe5 $11) 24...
Bxd5 25. Nxd5 (25. Qxd5 e6 26. Qe4 Nd2 27. Qc2 (27. Qd4 Qxd4 28. Rxd4 Nc4 $11)
27... Nc4 $11) 25... Nxe5 26. Bxe5 Bxe5 27. Rb7 Bd6 $14 {/=}) 23... e6 24. Bxg7
Kxg7 25. e3 Nc4 26. Ne2 Qa5 27. Qc3 Nd6 28. Ra1 Qd8 29. Nf4 Bb5 $1 30. Qb2 Bc4
31. Bf3 Qe7 32. Qb1 Nf5 33. Kh2 Rc7 34. Rb6 Rd8 35. Qb4 Qxb4 36. Rxb4 Kf6 37.
Rb6 Rd6 38. Rb8 Ne7 39. Bg2 Rdd7 40. Rc1 Nf5 41. Rb6 Ke7 42. Bf3 Kf6 43. Bg2
Ke7 44. Bf3 Nd6 45. Rc2 Nb7 1/2-1/2

[Event "Ostrava"]
[Site "Ostrava"]
[Date "1993.??.??"]
[Round "?"]
[White "Guliev, Sarhan"]
[Black "Bologan, Viktor"]
[Result "0-1"]
[WhiteElo "2465"]
[BlackElo "2510"]
[Annotator "Dautov,R"]
[PlyCount "66"]
[EventDate "1993.09.??"]
[EventType "tourn"]
[EventRounds "9"]
[EventCountry "CZE"]
[EventCategory "10"]
[SourceTitle "CBM 038"]
[Source "ChessBase"]
[SourceDate "1994.02.01"]
[SourceVersion "1"]
[SourceVersionDate "1994.02.01"]
[SourceQuality "1"]

1. d4 {Bologan Bulletin} Nf6 2. c4 g6 3. Nf3 Bg7 4. g3 O-O 5. Bg2 d6 6. O-O Nc6
7. Nc3 a6 8. b3 Rb8 9. Bb2 b5 10. cxb5 axb5 11. Rc1 b4 12. Na4 (12. Nb1) 12...
Na7 (12... Na5 13. Ne1 (13. Qc2 c6 14. Nd2 Ba6 15. Rfe1 Nd5 $10) 13... Bb7 14.
Nd3 Bxg2 15. Kxg2 Qc8 16. e3 Rb5 17. Rc2 Qb7+ 18. Qf3 c6 19. Kg1 Nd7 20. Rd1
Rc8 21. Bc1 e5 22. dxe5 Nxe5 23. Nxe5 Bxe5 24. Bb2 $10 {Plachetka-Stohl/
Rimavska Sobota/1990}) 13. Qc2 (13. Ne1 Bb7 14. Nd3 (14. Bxb7 {Bologan} Rxb7
$10) 14... Bxg2 15. Kxg2 Qc8 $10) 13... c6 14. e4 (14. Nd2 $32 {Bologan}) 14...
Qa5 $5 {N} (14... Ba6 15. Rfe1 Bb5 16. e5 Nd5 17. h4 Qa5 18. h5 $14 {
Razuvaev-Polgar,Zs/Dortmund/1985}) 15. Rfe1 $2 (15. e5 Nd5 (15... Bf5 $2 16.
exf6 Bxc2 17. fxg7 Kxg7 18. Rxc2 $16) 16. Nd2 Bf5 17. Nc4 Bxc2 (17... Qd8 18.
Qd2 Qd7 19. Ne3 $13) 18. Nxa5 Bd3 19. Rfd1 Bb5 20. Bxd5 cxd5 21. Rc7 Nc8 22.
Nc6 Bxc6 23. Rxc6 dxe5 24. dxe5 e6 $13) (15. h3 $5) (15. h3 {Bulletin} Qh5 16.
g4 (16. d5 Bxh3 17. Bxh3 Qxh3 18. dxc6 Rb5 19. e5 Ng4 20. Bd4 dxe5 21. Bxa7 e4
22. Qxe4 Rh5 $19) 16... Qb5 17. Rfe1) (15. h3 {Bologan}) 15... Qh5 {|^>>} 16.
e5 (16. Nd2 {Bulletin}) (16. Nd2 $32 {Bologan /\ f3}) 16... Nd5 17. Nd2 Bh3 18.
Be4 (18. Bxd5 $2 cxd5 19. Qc7 Bh6 20. f4 Nb5 21. Qxe7 Rfe8 22. Qf6 Re6 23. Qh4
Qxh4 24. gxh4 Bxf4 $17) (18. Bf3 Bg4 19. Bg2) (18. Bh1 {Bulletin} Bf5) 18... f5
$1 19. Bf3 $6 (19. exf6 Rxf6 (19... Nxf6 20. Bf3) (19... Bxf6 20. f4 $10) 20.
f4 (20. Bxd5+ $2 cxd5 21. Rxe7 Rbf8 22. Rxa7 Rxf2 $17 {->}) 20... e6 $13) (19.
Bxd5+ {Bulletin} cxd5 20. Qc7 Nb5 21. Qxe7 Rf7 22. Qe6) 19... Qh6 {/\f4} (19...
Bg4 $32 {Bologan}) 20. Qd1 f4 (20... Bg4 $32 {Bologan}) 21. exd6 (21. g4 {
Bulletin}) (21. Rxc6 {Bulletin}) 21... fxg3 $1 (21... exd6 {Bologan}) 22. hxg3
(22. dxe7 $2 gxf2+ 23. Kxf2 Nxe7 $17) (22. fxg3 exd6 23. Ne4 (23. Rxc6 $2 Ne3
$17) 23... Rbe8 24. Qd3 Re6 $15) 22... exd6 23. Rxc6 $1 (23. Ne4 Rbe8 $36 (
23... Rbd8 {Bologan} 24. Rc2 $1 Bf6 $15 {/\ Qg7})) (23. Nc4 Rf6 $15) (23. Bxd5+
{Bulletin} cxd5 24. Nf1) (23. Nf1 {Bulletin}) 23... Nc3 24. Nxc3 $2 (24. Rxc3
$1 bxc3 25. Bxc3 Nb5 26. Bd5+ Kh8 27. Ne4 Nxc3 28. Naxc3 Rb6 $13) 24... Nxc6
25. Bxc6 Rxf2 $3 (25... bxc3 26. Bxc3 $13 (26. Bxc3 {Bulletin} Rbc8 27. Bd5+
Kh8 28. Ne4)) 26. Kxf2 $2 (26. Bd5+ Kh8 27. Nce4 (27. Ne2 Qe3 28. Kh1 Bg4 $19 (
28... Bg4 {Bulletin} 29. Bg2 (29. Nf1 {Bulletin} Bf3+ 30. Kg1 Rg2+ 31. Kh1 Rg1+
32. Kh2 Rh1#) 29... Bxe2 $19)) 27... Rg2+ 28. Kh1 Bg4+ 29. Kxg2 Bxd1 30. Rxd1
Qh5 $19) (26. Nce4 Rg2+ 27. Kh1 (27. Kf1 {Bologan} Rf8+) 27... Rxg3 28. Nxg3
Bg4+ 29. Kg2 Bxd1 30. Rxd1 Qg5 31. Nf3 Qa5 $17) 26... Bxd4+ 27. Kf3 Bg4+ $1 $19
28. Ke4 (28. Kxg4 Qh5+ 29. Kf4 Qf5#) 28... Bxd1 29. Nxd1 Bxb2 30. Nc4 Qg5 31.
Nde3 (31. Ndxb2 Qe7+ $19) 31... Qxg3 32. Rf1 Rf8 33. Bd5+ Kg7 (33... Kg7 {
Bulletin} 34. Rxf8 Kxf8 35. Nxb2 Qe5+ 36. Kf3 Qxb2) 0-1

[Event "Dortmund SuperGM 27th"]
[Site "Dortmund"]
[Date "1999.07.10"]
[Round "1"]
[White "Karpov, Anatoly"]
[Black "Sokolov, Ivan"]
[Result "1-0"]
[WhiteElo "2700"]
[BlackElo "2656"]
[Annotator "Dautov,R"]
[PlyCount "78"]
[EventDate "1999.07.10"]
[EventType "tourn"]
[EventRounds "7"]
[EventCountry "GER"]
[EventCategory "19"]
[SourceTitle "CBM 072"]
[Source "ChessBase"]
[SourceDate "1999.10.01"]
[SourceVersion "1"]
[SourceVersionDate "1999.10.01"]
[SourceQuality "1"]

1. d4 Nf6 2. c4 g6 3. g3 Bg7 4. Bg2 O-O 5. Nc3 Nc6 6. Nf3 d6 7. O-O Rb8 8. b3 {
Karpov verzichtet auf seine Lieblingsvariante mit 8.Re1.} a6 9. Nd5 Ne4 ({Auch
} 9... Nh5 {ist für Schwarz gut spielbar.}) 10. Bb2 f5 11. e3 (11. Qc2 e6 (
11... Bd7 12. Rfd1 b5 13. Nf4 Qe8 14. cxb5 axb5 15. d5 Nb4 16. Qc1 Bxb2 17.
Qxb2 $14 {Romanishin,O-Zapata,A/Brussels 1986}) 12. Ne3 Ne7 13. Rfd1 Bd7 14.
Ne1 Nf6 $13 {Csom,I-Schneider,A/HUN-chT 1994}) (11. Qc1 Bd7 12. Rd1 e6 13. Nf4
Ne7 14. Nd2 Nf6 15. c5 g5 16. Nd3 Bc6 $11 {Ribli,Z-Zapata,A/Novi Sad 1990})
11... e6 12. Nc3 Nxc3 13. Bxc3 Qe7 $146 (13... Ne7 $6 14. Qe2 h6 15. Rad1 g5
16. Ne1 (16. e4 $14) 16... Bd7 17. Nd3 Ng6 18. f4 $14 {Konopka,M-Oral,T/
CZE-chT9495}) ({Das Stellungsmuster gleicht dem Holländisch mit g7-g6,
deswegen soll Schwarz aller Regeln nach e7-e5 anstreben. In der Partie
verzichtet er immer wieder auf diesen Vorstoß und spielt zu passiv.} 13... e5
$1 14. dxe5 (14. d5 Ne7 $11) 14... dxe5 15. Qd5+ Kh8 16. Qxd8 Rxd8 17. Ng5 Rd3
$11) 14. b4 $1 Nd8 (14... e5 $1 15. b5 (15. d5 Nd8 $11) 15... axb5 16. cxb5 Nd8
17. dxe5 dxe5 18. Qb3+ Be6 19. Qb2 e4 20. Bxg7 Qxg7 21. Qxg7+ Kxg7 22. Nd4 Ra8
23. a4 b6 $11) 15. b5 Nf7 16. Qb3 $14 b6 (16... axb5 17. cxb5 e5 $2 (17... Kh8
$14) 18. dxe5 dxe5 19. Bb4 $18) 17. Nd2 Kh8 (17... e5 $5 18. dxe5 Nxe5 (18...
dxe5 $4 19. Bb4 Nd6 20. c5+ $18) 19. f4 $1 (19. c5+ Be6 20. Bd5 Bxd5 21. Qxd5+
Qf7 22. Qxf7+ Nxf7 23. Bxg7 Kxg7 24. cxd6 Nxd6 $11) 19... Ng4 20. e4 Bxc3 21.
Qxc3 fxe4 22. Nxe4 $14) 18. f4 $1 {Weiß nutzt die Passivität des Gegners, um
die Kontrolle über den Schlüsselpunkt e5 zu verstärken. Demnächst ist die
eigene Aktivität im Zentrum geplant, e3-e4.} (18. e4 $2 f4 $1 19. gxf4 Qh4 $132
) 18... Bb7 (18... axb5 19. cxb5 e5 20. dxe5 dxe5 21. Qb2 Qc5 22. Rfe1 $14) 19.
a4 Bxg2 20. Kxg2 Ra8 21. Rae1 (21. e4 $5 fxe4 22. Nxe4 Nh6 23. Rae1 axb5 24.
axb5 $14 {/\Ng5}) 21... Qd7 (21... e5 22. dxe5 dxe5 23. e4 $1 $14) 22. Nf3 $6 {
Zu langsam gespielt. Die Zeit war reif, um aktiv zu werden:} (22. e4 $1 axb5
23. axb5 d5 $5 (23... fxe4 24. d5 $1 e5 (24... exd5 $2 25. cxd5 $16 {/^a1-h8})
25. Rxe4 Rfe8 26. Qb2 $14) 24. cxd5 exd5 25. e5 Nd8 26. Ra1 Ne6 27. Rfc1 $14)
22... axb5 (22... c6 $2 23. bxc6 Qxc6 24. d5 exd5 25. Bxg7+ Kxg7 26. cxd5 $16 {
/\Nd4}) 23. axb5 Ra7 24. Ra1 {Das Zugeständnis. Weiß kommt im Zentrum nicht
zügig genug voran, deswegen tauscht er ein Paar Türme, um die a-Linie
abzusichern.} (24. d5 exd5 25. cxd5 Rfa8 $132) (24. e4 fxe4 25. Rxe4 d5 $11)
24... Rfa8 25. Rxa7 Rxa7 $11 {Dank der gegnerischen Ungenauigkeit im 22. Zug
konnte Schwarz das Spiel ausgleichen.} 26. Rf2 {/\Ra2} (26. d5 exd5 27. cxd5
Qe8 $11) 26... Qe8 {/\Qa8} 27. c5 $1 {Der letzte Versuch, auf Gewinn zu
spielen...} (27. Ra2 Qa8 28. Rxa7 Qxa7 29. d5 e5 30. fxe5 Nxe5 31. Qb2 Kg8 $11)
27... d5 $6 {und er gelingt!} ({Die simple Vereinfachung der Stellung mittels} 
27... dxc5 28. dxc5 bxc5 29. Bxg7+ Kxg7 30. Qc3+ Kg8 31. Qxc5 Rb7 32. Nd4 e5
$11 {sicherte Schwarz das Unentschieden.}) 28. Rc2 $1 {/\Bd2, cxb6, Rc6 Karpov
sieht sofort die Achillesferse der schwarzen Stellung- den schwachen Punkt c6.}
Qa8 $2 {Nur durch diesen weiteren Fehler ruiniert Schwarz seine Stellung
endgültig. Es war noch möglich, durch umsichtige Verteidigung das
Gleichgewicht zu halten.} (28... Rb7 $2 29. Ra2 $1 ({/\} 29. cxb6 Rxb6) 29...
bxc5 (29... Bf8 30. c6 Rb8 31. Ra7 $14) 30. dxc5 Rxb5 $4 31. Qxb5 Qxb5 32. Ra8+
{mit Matt}) (28... Bf8 $1 29. Bd2 $1 {/\30.cxb6 cxb6 31.Rc6} (29. Bb2 Ra5 $11)
(29. cxb6 cxb6 30. Bd2 Nd6 31. Rc6 Nc4 $132) 29... Rb7 $1 30. cxb6 (30. c6 Ra7
$11) 30... Rxb6 $11) 29. cxb6 cxb6 30. Bb4 $16 {><c6 Nun hat Schwarz einen
schweren Stand. Seine Springer und Läufer hinterlassen einen kläglichen
Eindruck, das Eindringen einer der weißen Schwerfiguren ist nicht zu vermeiden.
} Nd8 31. Qc3 {/\Qc8} Ra2 {Was sonst? Aber der Turmtausch bringt Schwarz keine
Erleichterung.} 32. Be7 $1 Nf7 33. Rxa2 Qxa2+ 34. Kf1 $18 Qb1+ (34... Qc4+ 35.
Qxc4 dxc4 36. Ke2 Kg8 37. Nd2 c3 38. Nc4 $18) 35. Kf2 h6 (35... Qa2+ 36. Nd2
Nh6 (36... h6 37. Ke2 $16) 37. Ke2 Ng8 38. Bd8 Qa4 39. Qc6 $18) 36. Qc6 Qd3 (
36... Qa2+ 37. Kf1 Qb1+ 38. Ke2 Kh7 39. Qxb6 $18) 37. Ng1 (37. Qe8+ Kh7 38.
Qxf7 Qc2+ 39. Ke1 Qb1+ 40. Ke2 Qxb5+ (40... Qc2+ 41. Nd2) 41. Kf2 Qb2+ 42. Kf1
Qc1+ 43. Kg2 $18) 37... Bxd4 38. Qe8+ Kg7 39. Qf8+ Kh7 1-0

[Event "EU-Cup 23rd"]
[Site "Kemer"]
[Date "2007.10.04"]
[Round "2.5"]
[White "Roiz, Michael"]
[Black "Bologan, Viktor"]
[Result "0-1"]
[WhiteElo "2630"]
[BlackElo "2657"]
[Annotator "Bologan,V"]
[PlyCount "72"]
[EventDate "2007.10.03"]
[EventType "team-swiss"]
[EventRounds "7"]
[EventCountry "TUR"]
[SourceTitle "CBM 121"]
[Source "ChessBase"]
[SourceDate "2007.11.14"]
[SourceVersion "1"]
[SourceVersionDate "2007.11.14"]
[SourceQuality "1"]
[WhiteTeam "Saratov Economist"]
[BlackTeam "Tomsk 400"]
[WhiteTeamCountry "RUS"]
[BlackTeamCountry "RUS"]

1. d4 Nf6 2. c4 g6 3. g3 Bg7 4. Bg2 O-O 5. Nc3 d6 6. Nf3 Nc6 7. O-O a6 8. h3
Bd7 9. e4 e5 10. dxe5 (10. d5 Nd4 11. Be3 (11. Nxd4 exd4 12. Qxd4 Qc8 13. Bg5 (
13. h4 Ng4 14. Qd1 b5 15. cxb5 axb5 {Neverov Valeriy 2562 - Bologan Victor
Viorel, Moscow 2004 Aeroflot Open}) 13... Nh5 14. Qd2 Bxh3 15. Bh6 Bxh6 16.
Qxh6 Qg4 17. Rae1 Rae8 18. Bxh3 Qxh3 $11 {Malakhov Vladimir - Bologan Victor
Viorel, Selfoss 2003 2nd Milk}) 11... Nxf3+ 12. Qxf3 Qc8 13. Bg5 Nh5 14. g4 Nf4
15. Bxf4 exf4 16. Qxf4 {Sachdev T 2393 - Zhang Xiaowen 2203 , 3. 9.2007 12th
ch-Asia w} b5 $1) 10... Nxe5 {After the game my opponent told me that I had
bad statistics in the line with} (10... dxe5 {so I decided to exchange the
knights} 11. Be3 Be6 {but after} 12. b3 (12. Qa4 {Black found a good idea} b5
$1 (12... Qc8 13. Kh2 Rd8 14. Rfd1 Rxd1 15. Rxd1 h6 16. c5 Qf8 17. Nd5 $14 {
Bocharov Dmitrii - Bologan Victor Viorel, Moscow 2004 Aeroflot Open}) 13. cxb5
axb5 14. Qc2 Nd4 15. Bxd4 exd4 16. Rfd1 c5 17. Nxb5 Qd7 18. a4 Bxh3 19. e5 Bxg2
20. Kxg2 Nd5 21. Qxc5 Nf4+ 22. gxf4 Qg4+ {=} 23. Kf1 Qxf3 24. Qxd4 Rad8 25. Nd6
Rxd6 26. Qxd6 Qh1+ 27. Ke2 Qe4+ 28. Kf1 Qh1+ 29. Ke2 Qe4+ 30. Kf1 {1/2-1/2,
Jussupow Ar 2599 - Socko B 2629 , 18. 3.2007 Bundesliga 2006-7}) 12... Nd7 (
12... Re8 13. Qxd8 (13. Qb1 Nh5 14. Rd1 Nd4) 13... Rexd8 14. Rad1 (14. Nd5 {
1/2-1/2, Stefansson H 2579 - Shirov A 2699 , 24. 5.2006 37th Olympiad}) 14...
Rxd1 15. Rxd1 Rc8 16. Ne1 Bf8 17. Nd3 $14) 13. Qd2 f6 14. Rfd1 Rf7 15. c5 Qf8
16. Nd5 Rc8 17. b4 $16 {Cmilyte V 2467 - Hirneise T 2293 , 25. 7.2007 29th
Politiken Cup. Actually this is a good reason for Black to swap the knights on
the 11th move.}) 11. Nxe5 dxe5 12. Be3 Be6 13. Qe2 c6 {Now it's easier to
control the d5-square with c6.} 14. Bc5 {Novelty. White wants to infiltrate
into Black's weakened black squares. But without the knight's assistence this
is not so dangerous.} (14. Rfd1 Qa5 15. a3 Rfd8 16. Rdc1 Re8 17. b4 Qd8 18. a4
a5 $11 {Mamedyarov S 2646 - Fedorov Alex 2611 , 21. 8.2005 Masters}) 14... Re8
15. Rfd1 Qc8 {An important tempo.} 16. Kh2 b5 {After this Black can firmly say
that he has equalized as the only real threat, the Na4, has been liquidated.}
17. b3 h5 18. h4 Bf8 {This exchange was not so obvious for me during the game
because I was afraid of giving up the square d6 to the white rook. Still I
don't see what this bishop is doing on g7.} 19. Bxf8 Kxf8 20. c5 a5 $1 {
The c5-pawn is both weak and strong at the same time. It controls the d6
square but after a5 it's cut off from its potential supporter the b-pawn.} 21.
Rd6 Qc7 22. Rad1 Red8 23. Bh3 (23. Qd2 Rxd6 24. cxd6 Qb6 25. Bh3 Bxh3 26. Kxh3
Kg7 $15) 23... Bxh3 24. Kxh3 Ne8 $1 {From here on Black takes the initiative.
The white rook on d6 didn't achieve anything special, so now it's time for it
to leave the square.} 25. R6d2 Ng7 {Just checking whether White is going to
repeat the moves and if not then I save a tempo. From e6 the knight will
perfectly control two things: the square d4 and the pawn on c5.} 26. Qe3 (26.
Rd6 Ne8 27. R6d2 Qe7 28. Qe3 Rxd2 29. Rxd2 Rd8 30. Rxd8 Qxd8 $15) 26... Rxd2
27. Rxd2 Rd8 28. a4 $5 {White is trying to find a job for his knight.} Rxd2 $6
{During the game I didn't realise the difference between this and Ne6. Now I
see.} (28... b4 29. Nb1 Ne6 {Yes, the control over the d6-square. In this line
White doesn't have the check on d6.}) 29. Qxd2 b4 30. Na2 $4 {Losing material
and the game.} (30. Nb1 $1 {would be the best chance after which I don't see a
win for Black.} Ne6 31. Qd6+ Qxd6 32. cxd6 Nd4 33. Nd2 Ke8 (33... f6 34. f4 Kf7
35. fxe5 fxe5 36. Kg2 Ke6 37. Kf2) 34. f4 f6 35. fxe5 fxe5 36. g4 Kd7 37. gxh5
gxh5 38. Kg3 c5 39. Kf2) 30... Ne6 31. Nxb4 {The last practical chance to
create a passed pawn.} axb4 32. Qxb4 Qa7 $1 {Here I calculated the exchange of
the queens on b6.} 33. a5 (33. Qb6 Qxb6 34. cxb6 Nc5 35. b4 Na6 36. b7 Ke7 $19)
33... Qxc5 34. Qb8+ Ke7 35. a6 Qxf2 36. a7 Qg1 {Mate is more important then
queening.} 0-1